| 000 | 00449nam a2200157Ia 4500 | ||
|---|---|---|---|
| 008 | 180921t1974-1978 xxu||||| |||| 00| 0 eng d | ||
| 041 | _aeng | ||
| 080 |
_a598.1 _bDOW |
||
| 100 | _aDowling,G.Herndon. | ||
| 245 | _aSystematic Herpetology :A Synopsis of Families and Higher Categories | ||
| 260 |
_bHiss Publication _aNew York _c1974-1978 |
||
| 300 | _a118p., 30 cm | ||
| 942 | _cBK | ||
| 999 |
_c15927 _d15927 |
||
| 003 | LK-CoDNM | ||
| 040 |
_aLK-CoDNM _dLK-CoDNM _eLK-CoDNM |
||